000 00667nam a2200277Ia 4500
005 20260324144723.0
008 008 260324s9999 xx 000 0 eng d
020 _a9781003205180
037 _aEBOOK
040 _aCRL
040 _beng
040 _cCRL
041 _2eng
041 _aeng
084 _qCRL
100 _aAnand C. Chitnis
_91220366
245 4 _aThe Scottish Enlightenment and Early Victorian English Society
260 _bTaylor and Francis
260 _c1986
365 _a
365 _b170
856 _uhttp://www.taylorfrancis.com/books/9781003205180
942 _cEBOOK
999 _c1827329
_d1827329